山梨県の市町村(1968年) - Statistics

General Stats
  • This quiz has been taken 7 times
  • The average score is 6 of 64
Answer Stats
コード 市町村 備考 % Correct
19201 甲府市
100%
19206 大月市
75%
19207 韮崎市
75%
19202 富士吉田市
50%
19203 塩山市 2005年消滅
50%
19204 都留市
50%
19205 山梨市
50%
19304 東山梨郡勝沼町 2005年消滅
25%
19423 南都留郡西桂町
25%
19441 北都留郡上野原町 2005年消滅
25%
19442 北都留郡小菅村
25%
19443 北都留郡丹波山村
25%
19301 東山梨郡春日居村 1969年昇格
0%
19302 東山梨郡牧丘町 2005年消滅
0%
19303 東山梨郡三富村 2005年消滅
0%
19305 東山梨郡大和村 2005年消滅
0%
19321 東八代郡石和町 2004年消滅
0%
19322 東八代郡御坂町 2004年消滅
0%
19323 東八代郡一宮町 2004年消滅
0%
19324 東八代郡八代町 2004年消滅
0%
19325 東八代郡境川村 2004年消滅
0%
19326 東八代郡中道町 2006年消滅
0%
19327 東八代郡芦川村 2006年消滅
0%
19328 東八代郡豊富村 2006年消滅
0%
19341 西八代郡上九一色村 2006年消滅
0%
19342 西八代郡三珠町 2005年消滅
0%
19343 西八代郡市川大門町 2005年消滅
0%
19344 西八代郡六郷町 2005年消滅
0%
19345 西八代郡下部町 2004年消滅
0%
19361 南巨摩郡増穂町 2010年消滅
0%
19362 南巨摩郡鰍沢町 2010年消滅
0%
19363 南巨摩郡中富町 2004年消滅
0%
19364 南巨摩郡早川町
0%
19365 南巨摩郡身延町
0%
19366 南巨摩郡南部町
0%
19367 南巨摩郡富沢町 2003年消滅
0%
19381 中巨摩郡竜王町 2004年消滅
0%
19382 中巨摩郡敷島町 2004年消滅
0%
19383 中巨摩郡玉穂村 1985年昇格
0%
19384 中巨摩郡昭和村 1971年昇格
0%
19385 中巨摩郡田富町 2006年消滅
0%
19386 中巨摩郡八田村 2003年消滅
0%
19387 中巨摩郡白根町 2003年消滅
0%
19388 中巨摩郡芦安村 2003年消滅
0%
19389 中巨摩郡若草町 2003年消滅
0%
19390 中巨摩郡櫛形町 2003年消滅
0%
19391 中巨摩郡甲西町 2003年消滅
0%
19401 北巨摩郡双葉町 2004年消滅
0%
19402 北巨摩郡明野村 2004年消滅
0%
19403 北巨摩郡須玉町
0%
19404 北巨摩郡高根町 2004年消滅
0%
19405 北巨摩郡長坂町 2004年消滅
0%
19406 北巨摩郡大泉村 2004年消滅
0%
19407 北巨摩郡小淵沢町 2006年消滅
0%
19408 北巨摩郡白州町 2004年消滅
0%
19409 北巨摩郡武川村 2004年消滅
0%
19421 南都留郡秋山村 2005年消滅
0%
19422 南都留郡道志村
0%
19424 南都留郡忍野村
0%
19425 南都留郡山中湖村
0%
19426 南都留郡河口湖町 2003年消滅
0%
19427 南都留郡勝山村 2003年消滅
0%
19428 南都留郡足和田村 2003年消滅
0%
19429 南都留郡鳴沢村
0%
No matching quizzes found
Score Distribution
Percent of People with Each Score
Percentile by Number Answered
Your Score History
You have not taken this quiz